01140nam a2200193Ia 4500001001100000003001000011008004100021040002500062041001300087100003600100245003300136250001100169260008900180300001200269500026000281501011400541520026000655650003100915L922-41375IT-CnALBA170116s9999||||xx |||||||||||||| ||und|| aIT-CnALBAcIT-CnALBA aITALIANO aVIGOLUNGO AGOSTINO, SAC. ALBESE 0aMARIO DON MIGNONE, PASTORE.  a1a ed. aALBA (CN)bDOMENICANE SUORE EDIZIONIc1981 [1° Ed.:1981 - Ed.Ling.Originale: 1981] a230 p.  aVOCAZIONE DA PARROCO. IL SUO TESTAMENTO.. FAMIGLIA. SEMINARIO. AZIONE CATTOLICA. LITUGISTA. DEDIZIONE AI GIOVANI. LA PARROCCHIA. TESTIMONIANZE. DOPO LA SUA MORTE, SCRITTI. INTRODUZIONE DEL VESCOVO FAUSTO. SCHEDA BIOGRAFICA. PARROCO POVERO. CUORE MISSIONAR aSocietà San Paolo EM - Piazza San Paolo, 14 - 12051 ALBA (CN) (non commercial uses only) ® Copyright 2017 aVOCAZIONE DA PARROCO. IL SUO TESTAMENTO.. FAMIGLIA. SEMINARIO. AZIONE CATTOLICA. LITUGISTA. DEDIZIONE AI GIOVANI. LA PARROCCHIA. TESTIMONIANZE. DOPO LA SUA MORTE, SCRITTI. INTRODUZIONE DEL VESCOVO FAUSTO. SCHEDA BIOGRAFICA. PARROCO POVERO. CUORE MISSIONAR aBIOGRAFIE, UOMINI ILLUSTRI